000 00709nam a2200193Ia 4500
003 GCL
005 20240530103312.0
008 140319s9999 xx 000 0 ara d
040 _aGCL /
_cGCL
082 0 4 _a953.08
_bق/س ظ
100 1 _aسعيد عبدالفتاح عاشور
245 1 0 _aالظاهر بيبرس (هدية من الاديب عبدالفتاح الجمل) /
_cسعيد عبدالفتاح عاشور
260 _aالقاهرة :
_bالمؤسسة المصرية العامة للتاليف والترجمة ،
_c1963
300 _a206 ص ؛
_c19 سم
490 _aاعلام العرب
_v14
650 0 4 _aالظاهر بيبرس
650 0 4 _aمصر - تاريخ
942 _2ddc
_cBK
999 _c38319
_d38319